000 00732nam a2200229 i 4500
001 135580
003 ES-MaACL
005 20250804072416.0
007 t|
008 070719s1970 sp ||||1| spa d
080 _a82.09
100 1 _aTorre, Guillermo de (
_d1900-1971)
_9110740
245 1 0 _aNuevas direcciónes de la crítica literaria /
_cGuillermo de Torre.
260 _aMadrid :
_bAlianza,
_c1970.
300 _a212, [5] p. ;
_c18 cm.
490 1 _aEl libro de bolsillo. Literatura ;
_v261
650 4 _aCrítica literaria-
_yS.XX.
_911452
830 0 3 _aEl libro de bolsillo.
_pLiteratura
_v261
_9180913
852 _aES-MaACL
_jC-40460
_bR.74728
852 _aES-MaACL
_jE-13468
999 _c135580
_d135580